000 00572nam a22002057a 4500
003 LK-CoMWRAF
005 20231022154507.0
008 231022b |||||||| |||| 00| 0 eng d
020 _a8171512070
040 _aLK-CoMWRAF
_dLK-CoMWRAF
_eLK-CoMWRAF
041 _aeng
082 _a297.124
_bELI
100 _aEliasii, M. A. Haleem
245 _aThe Holy Qur'an :
_bTransliteration in roman script
260 _aNew Dehli :
_bKitab Bhavan,
_c1996
300 _a632p
650 _aQur'an--Transliteration in roman script
700 _aAli, Abdullah Yusuf
942 _cBK
999 _c3983
_d3983